The sprit of Islam / (Record no. 184985)
[ view plain ]
| 000 -LEADER | |
|---|---|
| fixed length control field | 00936 a2200169 4500 |
| 003 - CONTROL NUMBER IDENTIFIER | |
| control field | NUST |
| 005 - DATE AND TIME OF LATEST TRANSACTION | |
| control field | 20221206182842.0 |
| 040 ## - CATALOGING SOURCE | |
| Transcribing agency | Nust |
| 082 ## - DEWEY DECIMAL CLASSIFICATION NUMBER | |
| Classification number | 297,ALI |
| 100 ## - MAIN ENTRY--PERSONAL NAME | |
| Personal name | Ali,Syed Ameer |
| 9 (RLIN) | 9187 |
| 245 ## - TITLE STATEMENT | |
| Title | The sprit of Islam / |
| Statement of responsibility, etc. | Syed Ameer Ali |
| 260 ## - PUBLICATION, DISTRIBUTION, ETC. | |
| Place of publication, distribution, etc. | karachi |
| Name of publisher, distributor, etc. | Pak Publishers,Limited |
| Date of publication, distribution, etc. | 1969 |
| 300 ## - PHYSICAL DESCRIPTION | |
| Extent | 412:p.: |
| 505 ## - FORMATTED CONTENTS NOTE | |
| Formatted contents note | Introduction (Page-Xv), The Life And Ministry Of Prophet (Page-1), The Hegira (Page-33), The Prophet At Madina (Page-41), Hostility Of The Koraish And Jews (Page-45), The Invasion Of Madina (Page-54), The Prophet’s Clemency (Page-68), The Diffusion Of The Faith (Page-75), The Year Of Deputations (Page-82), The Spirit Of Islam (Page-111), The Idea Of Future Life In Islam (Page-153),The Church Militant Of Islam (Page-166), The Status Of Women Islam (Page-181), Bondage Is Islam (Page-211), Idealistic And Mystical Spirit In Islam (Page-455). |
| 650 ## - SUBJECT ADDED ENTRY--TOPICAL TERM | |
| Topical term or geographic name entry element | Islam |
| 942 ## - ADDED ENTRY ELEMENTS (KOHA) | |
| Source of classification or shelving scheme | |
| Koha item type | Book |
| Call number prefix | 297,ALI |
| Withdrawn status | Lost status | Source of classification or shelving scheme | Damaged status | Not for loan | Permanent Location | Current Location | Shelving location | Date acquired | Full call number | Barcode | Date last seen | Price effective from | Koha item type | Public note |
|---|---|---|---|---|---|---|---|---|---|---|---|---|---|---|
| Military College of Signals (MCS) | Military College of Signals (MCS) | General Stacks | 12/12/2016 | 297,ALI | MCS20956 | 12/08/2016 | 12/12/2016 | Book | Almirah No.47, Shelf No.1 | |||||
| Military College of Signals (MCS) | Military College of Signals (MCS) | General Stacks | 12/12/2016 | 297,ALI | MCS21610 | 12/08/2016 | 12/12/2016 | Book | Almirah No.47, Shelf No.1 | |||||
| Military College of Signals (MCS) | Military College of Signals (MCS) | General Stacks | 12/12/2016 | 297,ALI | MCS29594 | 12/08/2016 | 12/12/2016 | Book | Almirah No.47, Shelf No.1 |
